| 000 | 00527nam a2200181Ia 4500 | ||
|---|---|---|---|
| 005 | 20250326123549.0 | ||
| 008 | 250326s9999 xx 000 0 und d | ||
| 037 | _aTextbook | ||
| 040 |
_aFMSL _beng _cFMSL |
||
| 041 |
_aeng _2eng |
||
| 084 |
_aB2893P J8 _qFMSL |
||
| 100 |
_aFergusoon R O _9735488 |
||
| 245 | 0 |
_aLinear programming: Fundamentals and applications _cFergusoon R O; Sargent L F |
|
| 260 |
_aNY _bNY, McGraw-Hill _c1958 |
||
| 300 | _a342p | ||
| 942 |
_cTB _hB2893P J8 |
||
| 999 |
_c1269944 _d1269944 |
||